| 000 | 01034namaa2200289 i 4500 | ||
|---|---|---|---|
| 003 | EG-GICUC | ||
| 005 | 20260128105607.0 | ||
| 008 | 260119s2005 sy |||jr|||| 000 0 ara d | ||
| 040 |
_aEG-GiCUC _bara _cEG-GiCUC _dEG-GiCUC _erda |
||
| 082 | 0 | 4 |
_221 _a303.48 _bH139 |
| 092 | 0 | 4 |
_221 _a303.48 _bH139 |
| 099 | _a303.48 H139 | ||
| 100 | 1 |
_aالحافظ، منير _eمؤلف. |
|
| 245 | 1 | 0 |
_aمنهج العولمة اللانمطي : _bتشخيص جمالى في بؤس العولمة / _cمنير الحافظ |
| 264 |
_aدمشق (سوريا) : _bدار الفرقد، _c2005 |
||
| 300 |
_a231 صفحة ؛ _c24 سم |
||
| 336 |
_2rdacontent _atext |
||
| 337 |
_2rdamedia _aUnmediated |
||
| 338 |
_2rdacarrier _avolume |
||
| 490 | 0 | _aدراسة فلسفية | |
| 504 | _aيشتمل على ارجاعات ببليوجرافية . | ||
| 541 |
_aد. / جابر عصفور ؛ _bالقاهرة ؛ _cإهداء ؛ _d2024. |
||
| 650 | 1 | 7 |
_aالعولمة _xفلسفة _2qrmak |
| 651 | 1 | _2qrmak | |
| 905 | _aAmira | ||
| 942 |
_2ddc _cBK _e21 _n0 |
||
| 999 |
_c177849 _d177849 |
||